| 000 | 01173nac a22002651u 4500 | ||
|---|---|---|---|
| 010 | _a91036694 | ||
| 020 | _a0471557978 (acid-free paper) | ||
| 020 | _a047111460* : | ||
| 082 | 0 | 0 |
_a304.2 _bMCH |
| 090 |
_c8757 _d8757 |
||
| 100 | _aMcHarg, Ian L. | ||
| 245 | 1 | 0 |
_aDesign with nature / _cIan L. McHarg. |
| 260 |
_aNew York : _bJ. Wiley,1992. _cc1992. |
||
| 300 |
_aix, 197 p. : _bill. (some col.), maps (some col.) ; _c29 cm. |
||
| 500 | _aOriginally published: Garden City, N.Y. : Published for the American Museum of Natural History by the Natural History Press, 1969. | ||
| 500 | _aDistributer: Bacca | ||
| 511 | _aCatalogued by: Sara | ||
| 650 | 0 |
_aEnvironmental policy _zUnited States. |
|
| 650 | 0 | _aHuman ecology. | |
| 650 | 0 |
_aNature _xEffect of human beings on. |
|
| 856 | 4 | 2 |
_3Contributor biographical information _uhttp://www.loc.gov/catdir/enhancements/fy0607/91036694-b.html |
| 856 | 4 | 2 |
_3Publisher description _uhttp://www.loc.gov/catdir/enhancements/fy0607/91036694-d.html |
| 856 | 4 | 2 |
_3Table of contents only _uhttp://www.loc.gov/catdir/enhancements/fy0607/91036694-t.html |
| 942 |
_cBB _k304.2MCH |
||
| 999 |
_c8757 _d8757 |
||